| 000 | 01991nam a22004213i 4500 | ||
|---|---|---|---|
| 001 | EBC7235775 | ||
| 003 | MiAaPQ | ||
| 005 | 20230814203927.0 | ||
| 007 | cr cnu|||||||| | ||
| 008 | 230731s2023 xx o ||||0 eng d | ||
| 020 |
_a9780226826196 _q(electronic bk.) |
||
| 020 | _z9780226826189 | ||
| 040 |
_aMiAaPQ _beng _cMiAaPQ |
||
| 100 | 1 |
_aSmith, Lesley. _925375 |
|
| 245 | 1 | 0 |
_aFragments of a world _bWilliam of Auvergne and his medieval life _cLesley Smith |
| 264 | 1 |
_aChicago : _bUniversity of Chicago Press, _c2023. |
|
| 264 | 4 | _c©2023. | |
| 300 | _a1 online resource (298 pages) | ||
| 336 |
_aText _btxt _2rdacontent |
||
| 337 |
_aComputermedien _bc _2rdamedia |
||
| 338 |
_aOnline Resource _bcr _2rdacarrier |
||
| 500 | _aE-Book-ProQuest / Fernzugriff nach Registrierung möglich | ||
| 505 | 0 | _aIntro -- Contents -- Preface and Acknowledgments -- Maps -- One. Seeing in a Smoky Mirror -- Two. Home and Family -- Three. Teachers and Teaching -- Four. Paris -- Five. Bishop -- Six. Language -- Seven. Knowing -- Eight. Jews -- Nine. Women -- Ten. The Weak -- Eleven. Poverty -- Twelve. The Landed and the Monied -- Thirteen. Animals -- Fourteen. Food and Drink -- Fifteen. Death and Beyond -- Sixteen. Face to Face -- List of Abbreviations -- Notes -- Bibliography -- Index. | |
| 600 | 1 |
_2gnd _aGuilelmus, Arvernus _d1180-1249 _925833 |
|
| 610 | 2 |
_2gnd _aKatholische Kirche |
|
| 651 | 7 |
_2gnd _aParis _91472 |
|
| 653 | _aWilliam,-of Auvergne, Bishop of Paris,-1180-1249. | ||
| 653 | _aBishops-France-Biography. | ||
| 653 | _aCatholic Church | ||
| 653 | _aTheologians | ||
| 655 |
_aFernzugriff _9230 |
||
| 655 |
_aBiografie _9480 |
||
| 776 | 0 | 8 |
_iPrint version: _aSmith, Lesley _tFragments of a World _dChicago : University of Chicago Press,c2023 _z9780226826189 |
| 856 | 4 | 0 |
_uhttps://ebookcentral.proquest.com/lib/maxweberstiftung-ebooks/detail.action?docID=7235775 _zVolltext |
| 942 |
_cEB _2z |
||
| 999 |
_c62906 _d62906 |
||